Ed Sheeran - No.5 Collaborations Project - Statistics

General Stats
  • This quiz has been taken 3 times
  • The average score is 6 of 8
Answer Stats
2011 No.5 Collaborations Project % Correct
6 Drown Me Out (feat. Ghetts)
100%
3 Family (feat. P Money)
100%
7 Nightmares (feat. Random Impulse, Sway & Wretch 32)
100%
2 You (feat. Wiley)
100%
1 Lately (feat. Devlin)
67%
5 Little Lady (feat. Mikill Pane)
67%
4 Radio (feat. JME)
67%
8 Goodbye to You (feat. Dot Rotten)
0%
No matching quizzes found
Score Distribution
Percent of People with Each Score
Percentile by Number Answered
Your Score History
You have not taken this quiz